<?xml version="1.0" encoding="UTF-8"?>
<record
    xmlns:xsi="http://www.w3.org/2001/XMLSchema-instance"
    xsi:schemaLocation="http://www.loc.gov/MARC21/slim http://www.loc.gov/standards/marcxml/schema/MARC21slim.xsd"
    xmlns="http://www.loc.gov/MARC21/slim">

  <leader>00287nam a2200121Ia 4500</leader>
  <controlfield tag="008">230901s2011    xx            000 0 und d</controlfield>
  <datafield tag="041" ind1=" " ind2=" ">
    <subfield code="a">eng</subfield>
  </datafield>
  <datafield tag="082" ind1=" " ind2=" ">
    <subfield code="a">610.153/SHA</subfield>
  </datafield>
  <datafield tag="100" ind1=" " ind2=" ">
    <subfield code="a">SURESH K.SHARMA</subfield>
  </datafield>
  <datafield tag="245" ind1=" " ind2=" ">
    <subfield code="a">BIOPHYSICS IN NURSING</subfield>
  </datafield>
  <datafield tag="260" ind1=" " ind2=" ">
    <subfield code="b">JAYPEE BROTHERS,</subfield>
    <subfield code="c">2011</subfield>
  </datafield>
  <datafield tag="300" ind1=" " ind2=" ">
    <subfield code="a">218</subfield>
  </datafield>
  <datafield tag="999" ind1=" " ind2=" ">
    <subfield code="c">866505</subfield>
    <subfield code="d">866505</subfield>
  </datafield>
  <datafield tag="952" ind1=" " ind2=" ">
    <subfield code="0">0</subfield>
    <subfield code="1">0</subfield>
    <subfield code="4">0</subfield>
    <subfield code="7">0</subfield>
    <subfield code="a">NCM</subfield>
    <subfield code="b">NCM</subfield>
    <subfield code="d">2012-04-10</subfield>
    <subfield code="g">160.00</subfield>
    <subfield code="l">5</subfield>
    <subfield code="o">610.153/SHA</subfield>
    <subfield code="p">NCM-N-1717</subfield>
    <subfield code="r">2026-03-18 00:00:00</subfield>
    <subfield code="s">2026-01-01</subfield>
    <subfield code="w">2023-09-02</subfield>
    <subfield code="y">BK</subfield>
  </datafield>
</record>
